Générique Oum le dauphin blanc - Paroles - Statistiques

Statistiques générales
  • Ce quiz a été pris 60 fois
  • Le résultat moyen est 7 sur 9
Statistiques - réponses
Paroles % Correct
Tu réponds toujours à l'{appel}
98%
Du fond de la {mer}
96%
Oum le {dauphin} blanc
95%
Toi, Oum le {dauphin} blanc
93%
Ton aventure est la {mienne}
80%
Compagnon de mon {archipel}
71%
Notre avenir sera ton {océan}
71%
Tu reviendras et tu me {sauveras}
63%
Ma planète que tu {défends}
59%
Aucun quiz correspondant
Distribution des résultats
% des personnes avec chaque résultat
Percentile par nombre de réponses
Votre historique - résultats
Vous n’avez pas pris ce quiz